Acquired hearing loss : psychological and psychosocial implications /

Bibliographic Details
Main Author: Thomas, Alan J.
Format: Book
Language:English
Published: Orlando [Fla.] : Academic Press, 1984.
Subjects:

MARC

Tag First Indicator Second Indicator Subfields
LEADER 00000pam a2200000 a 4500
001 in00000557321
005 20151014054351.0
008 840601s1984 flua b 00110 eng
010 |a  84012363  
020 |a 0126879206 (alk. paper) 
035 |a (OCoLC)10849536 
035 |9 ACK5402AM 
039 0 |a 2  |b 3  |c 3  |d 3  |e 3 
040 |a DLC  |c DLC  |d TXA  |d UtOrBLW 
049 |a TXAM  |c [A08385930] 
050 0 0 |a HV2395  |b .T47 1984 
082 0 |a 362.4/23/019  |2 19 
100 1 |a Thomas, Alan J. 
245 1 0 |a Acquired hearing loss :  |b psychological and psychosocial implications /  |c Alan J. Thomas. 
264 1 |a Orlando [Fla.] :  |b Academic Press,  |c 1984. 
300 |a x, 215 pages :  |b illustrations ;  |c 24 cm. 
336 |a text  |b txt  |2 rdacontent 
337 |a unmediated  |b n  |2 rdamedia 
338 |a volume  |b nc  |2 rdacarrier 
500 |a Includes index. 
504 |a Bibliography: pages 203-211. 
650 0 |a Deafness  |x Psychological aspects. 
999 |a MARS 
999 f f |s 6b9fc70e-2bd8-3f5c-961d-15347bab8ee8  |i 8f89e3a1-4fec-3016-9179-e523ead91e85  |t 0 
952 f f |p ric  |a Texas A&M University  |b Rellis Campus  |c Joint Library Facility  |d Remote Storage  |t 0  |e HV2395 .T47 1984  |h Library of Congress classification  |i unmediated -- volume  |m A14808385930 
998 f f |a HV2395 .T47 1984  |t 0  |l Remote Storage